000 00620nam a2200169 a 4500
008 120416s1978 ||||||||||||||||| || u
050 _aHF 5415.13 Bri
100 _aBritt, Steuart Henderson
245 1 0 _aMarketing management and administrative action
250 _a4th ed.
260 _aNew York
_bMcGraw-Hill
_c1978
300 _avii, 466p. : ill.
350 _a0.00
650 0 _aMARKETING--MANAGEMENT--CASE STUDIES
650 _aMARKETING--MANAGEMENT
995 _D0.00
_FCBU-MAIN LIBRARY (Kitwe)
_H1
_I0.00
_M1
_UAVAILABLE
_ZAnnex Low-Usage Collection
999 _c50465
_d50465